Statystyki dla kolory - j. włoski

Kliknij tutaj aby rozwiązać quiz!

Ogólne statystyki

  • Ten quiz został rozwiązany 224 razy
  • Średni wynik to 7 z 15

Statystyki odpowiedzi

po polskupo włosku% Poprawnych
czarnynero
82%
białybianco
81%
czerwonyrosso
69%
niebieskiblu
66%
kolorcolore
65%
zielonyverde
61%
żółtygiallo
56%
fioletowyviola
51%
brązowymarrone
45%
szarygrigio
36%
pomarańczowyarancione
30%
złotyoro
26%
srebrnyargento
16%
jaki to color?che colore é
15%
ten kolor toil colore é
7%

Rozkład punktacji

Percentyl według liczby udzielonych odpowiedzi

Procent ludzi z każdym wynikiem

Twoja historia wyników

Nie rozwiązałeś tego quizu